01154nam a2200193Ia 4500001001100000003001000011008004100021040002500062041001300087100002600100245010500126250001100231260008800242300002700330500023300357501011400590520023300704650002300937L250-16635IT-CnALBA170116s9999||||xx |||||||||||||| ||und|| aIT-CnALBAcIT-CnALBA aITALIANO aCAROLLO GAETANO, SAC. 0aSTORIA DELLA GIOVENTÙ CATTOLICA ITALIANA. VOL. I: DALLE ORIGINI ALLA MORTE DI PIO IX (1867/1878).  a2a ed. aROMAbAVE, ANONIMA VERITA'S EDITRICEc1933 [1° Ed.:1929 - Ed.Ling.Originale: 1929] a187 p. (prefazione: 5) aCORNICE STORICA. MARIO FANI. PRIMI CIRCOLI GIOVENTÙ CATTOLICA. PROGRAMMA. I DUE GIUBILEI DI PIO IX. CONCILIO VATICANO I. 20 SETTEMBRE A ROMA. VITA E LOTTE. VITA SPIRITUALE. AZIONE. CONGRESSI CATTOLICI. RELAZIONI CON L'ESTERO ' aSocietà San Paolo EM - Piazza San Paolo, 14 - 12051 ALBA (CN) (non commercial uses only) ® Copyright 2017 aCORNICE STORICA. MARIO FANI. PRIMI CIRCOLI GIOVENTÙ CATTOLICA. PROGRAMMA. I DUE GIUBILEI DI PIO IX. CONCILIO VATICANO I. 20 SETTEMBRE A ROMA. VITA E LOTTE. VITA SPIRITUALE. AZIONE. CONGRESSI CATTOLICI. RELAZIONI CON L'ESTERO ' aTEOLOGIA PASTORALE